000 00768nam a2200229Ia 4500
003 OSt
005 20220918105421.0
006 a|||||r|||| 00| 0
007 ta
008 220915b |||||||| |||| 00| 0 hin d
024 _a93,115
037 _cReference Collections
040 _aARTS
_cARTS
_bhin
041 _2hin
_ahin
082 _aP152:4k, N6(RR)
100 _aरामचन्द्र, वर्मा, संपा.
_91265
245 0 _aलोकभारती प्रमाणिक हिन्दी कोश
246 _aLokabhāratī pramāṇik hindī kosha
260 _c1996
942 _hP152:4k, N6(RR)
_cREF
999 _c106985
_d106985